000
00297nam a22001337a 4500
008
170505b xxu||||| |||| 00| 0 eng d
020
_a
2900716787340
041
_a
eng
080
_2
6TH
_a
343.9
100
_a
15
101
_a
SHJ
245
_a
THE CRIMINAL ELITE
_c
COLEMAN, J.W
942
_2
udc
_c
BK
999
_c
12762
_d
12762